00721cam a22002292 450000100060000000300080000600500170001400800410003103500510007204000410012304100080016408200210017210000220019324500670021526000580028230000310034049000270037150400410039865000200043983000100045983000220046910174BD-RjUL20211208234915.0140123s1964 nyua b 001 0 eng d aOCLC ocm02008221 from D971022Ma(BD-RjUL)10222 aDLC/ICUcCGUdDLCdUKMdBD-RjULbeng aeng00a668.42bSCC 19641 aSchnell, Hermann.10aChemistry and physics of polycarbonates /cby Hermann Schnell. alondon; aNew York :bInterscience Publishers,c1964. axi, 225 p.billus.c24 cm.1 aPolymer reviews,vv. 9 aIncludes bibliographical references. 0aPolycarbonates. 0vv. 9. 0aPolymer reviews ;